000 00836nam a2200205Ia 4500
008 161108s9999 xx 000 0 und d
020 _a9789587165142
082 _a778.59 C62
245 _aCodificar/
_cdecodificar :
_b prácticas, espacios y temporalidades del audiovisual en internet /
_c (compiladores) Juan Carlos Arias... [y otros tres]
250 _aPrimera edición
300 _a267 páginas ;
_c 23 cm
490 _aEntrever
500 _aIncluye bibliografía
650 _aMateriales Audiovisuales - Innovaciones Tecnologicas / Formatos Digitales / Internet (Red De Computadores) - Aspectos Sociales
264 _aBogotá :
_b Pontifica Universidad Javeriana
336 _atexto
_btxt
_2rdacontent
337 _asin mediación
_bn
_2rdamedia
338 _avolumen
_bnc
_2rdacarrier
040 _aCO-BoRNBP
_bspa
_erda
_cCO-BoRNBP
999 _c7464
_d7464